Statistics for Top 500 Baby Boy Names in the USA for 2015 - Alphabetical

Click here to take the quiz!

General Stats

  • This quiz has been taken 17,703 times
  • The average score is 199 of 500

Answer Stats

Answer % Correct
26JJohn
93%
7JJames
88%
134AAlex
88%
40JJack
87%
12DDaniel
86%
279AAndre
86%
5WWilliam
86%
18DDavid
85%
9MMichael
85%
80JJose
83%
136GGeorge
82%
225JJorge
82%
196MMark
81%
200PPaul
81%
52AAaron
80%
73AAdam
80%
8AAlexander
80%
206PPeter
80%
51TThomas
80%
63RRobert
79%
15MMatthew
79%
480MMathew
79%
19OOliver
78%
10BBenjamin
78%
32CChristopher
77%
50CCharles
76%
38NNathan
75%
29HHenry
75%
30AAndrew
75%
214JJax
75%
21JJoseph
75%
246SStephen
74%
154SSteven
74%
25AAnthony
74%
23SSamuel
74%
44JJaxon
73%
17JJackson
73%
145KKai
73%
62NNicholas
73%
202NNicolas
73%
84JJaxson
73%
28LLuke
72%
4JJacob
72%
158EEdward
72%
155RRichard
72%
88ZZachary
72%
2LLiam
71%
157LLuca
71%
355FFrank
71%
441DDonald
70%
263JJayceon
70%
79KKevin
70%
407JJayson
70%
86JJason
70%
33JJoshua
69%
189BBrian
69%
166BBryan
69%
39RRyan
69%
309JJohnathan
69%
1NNoah
69%
48JJonathan
69%
394JJay
69%
13AAiden
68%
185AAidan
68%
87AAyden
68%
369AAden
68%
395AAdan
68%
53EEli
68%
6EEthan
68%
338EErik
67%
266EErick
67%
91LLeo
67%
137EEric
67%
484TTy
67%
349AAllen
67%
167AAlan
67%
110JJustin
66%
253LLukas
66%
16LLucas
66%
147TTimothy
65%
226JJavier
63%
164PPatrick
63%
174JJeremy
63%
90XXavier
63%
434PPhilip
63%
229CCharlie
63%
297LLouis
63%
410PPhillip
63%
106LLuis
63%
43CChristian
62%
433RRonald
62%
170AAbraham
62%
383AAbram
62%
270CCristian
62%
81TTyler
62%
82BBrandon
62%
60JJordan
62%
314LLeon
62%
201JJaden
61%
20JJayden
61%
268JJaiden
61%
406MMarcos
61%
168MMarcus
61%
160VVictor
61%
175KKyle
61%
76IIan
60%
31IIsaac
60%
352SShawn
60%
205JJake
60%
211SSean
60%
3MMason
59%
11EElijah
59%
27DDylan
59%
479AAlijah
59%
448DDillon
59%
181OOscar
57%
118MMax
57%
292AArthur
57%
97NNathaniel
57%
440AAlbert
57%
67EEvan
57%
109VVincent
56%
354QQuinn
56%
173BBradley
55%
56CCameron
55%
477CConor
55%
245KKameron
55%
54CConnor
55%
346GGregory
55%
256CConner
55%
482FFrancis
55%
485JJaime
53%
210DDerek
53%
276MMartin
53%
384DDerrick
53%
36OOwen
52%
14LLogan
52%
199KKenneth
52%
55JJeremiah
52%
45JJulian
52%
22GGabriel
51%
119HHarrison
51%
323AAndy
51%
462TTaylor
51%
128JJesus
51%
408TTheo
50%
114JJuan
50%
290JJeffrey
50%
69AAustin
50%
264CCollin
50%
172CColin
50%
451MMohamed
49%
365MMuhammad
49%
254DDamien
49%
116DDamian
49%
117CCarlos
49%
308WWalter
48%
58AAdrian
48%
426DDanny
48%
234SSimon
48%
125AAbel
48%
165KKaleb
47%
24CCarter
47%
183KKarter
47%
388BBrendan
47%
37CCaleb
47%
95KKayden
46%
212CCayden
46%
103LLeonardo
46%
310JJohnny
46%
179KKaden
46%
192CCaden
46%
140KKaiden
46%
115CCole
46%
138IIvan
46%
285CCaiden
46%
152AAntonio
45%
143JJonah
45%
204DDean
45%
325AAli
45%
99TTheodore
45%
141AAshton
45%
496DDennis
45%
49IIsaiah
44%
208EElliot
44%
213EElliott
44%
259RRaymond
44%
491JJerry
44%
178JJesse
44%
159JJoel
43%
72PParker
43%
237CCody
43%
497LLawrence
43%
457SScott
43%
363DDrew
42%
404BBruce
42%
156JJude
42%
194RRiley
42%
41HHunter
41%
414BBraden
41%
415CCorey
41%
61BBrayden
41%
464NNico
41%
209FFinn
41%
425KKeith
41%
207XXander
40%
233ZZane
40%
249ZZander
40%
498ZZayne
40%
96BBlake
40%
77CCooper
39%
64AAngel
39%
74CChase
39%
180AAlejandro
39%
483QQuentin
38%
320MMarco
38%
171CCalvin
38%
223MMyles
38%
131BBryce
38%
35SSebastian
38%
107MMiles
38%
68DDominic
38%
318DDominick
38%
187AAvery
37%
177GGrant
37%
47GGrayson
37%
113MMaxwell
37%
111GGreyson
37%
340JJared
37%
83AAsher
36%
89CCarson
36%
293KKarson
36%
70GGavin
36%
429JJonas
36%
278SSeth
36%
337CColt
36%
385KKade
36%
306TTrevor
36%
364CCade
36%
450LLandyn
35%
105BBrody
35%
342LLanden
35%
46LLandon
35%
126WWesley
35%
100EElias
35%
422ZZachariah
35%
262FFelix
35%
151HHayden
35%
161MMiguel
35%
437MMaximilian
35%
198BBrady
34%
455AAlec
34%
57JJosiah
34%
75JJace
34%
311EEdwin
34%
42LLevi
34%
144JJameson
34%
182JJase
34%
447JJamison
34%
132JJayce
34%
358RRoberto
34%
343AAlexis
34%
139EEmmett
34%
150EEmmanuel
33%
257TTravis
33%
367PPedro
33%
456JJulio
33%
34WWyatt
33%
416KKolton
33%
474DDavis
33%
176GGraham
33%
59CColton
33%
347EEmanuel
33%
123AAxel
33%
443FFranklin
33%
71NNolan
33%
148EEzekiel
32%
102RRoman
32%
326FFinley
32%
195AAugust
32%
312JJulius
32%
427DDamon
32%
374NNoel
32%
273GGarrett
32%
215JJasper
32%
295SShane
32%
476MMoises
31%
275RRicardo
31%
471MMoses
31%
101TTristan
31%
92EEzra
31%
400WWarren
31%
298AAngelo
31%
399DDrake
31%
169PPreston
31%
283MManuel
31%
315TTyson
31%
432HHugo
30%
217OOmar
30%
228AAndres
30%
393PPablo
30%
163KKing
30%
260PPeyton
30%
108MMicah
30%
418AAce
30%
284MMario
30%
191MMatteo
30%
85MMateo
30%
317EEdgar
29%
387PPrince
29%
124DDiego
29%
439HHarvey
29%
251EEduardo
29%
305AAnderson
29%
288MMilo
29%
402AAri
29%
430KKane
29%
419EEllis
29%
66LLincoln
28%
93BBentley
28%
219RRowan
28%
411DDexter
28%
261DDevin
28%
255DDallas
28%
300TTroy
28%
423CChandler
28%
112DDeclan
27%
240IIsrael
27%
500DDarius
27%
153BBennett
27%
120WWeston
27%
104CCamden
27%
247FFrancisco
27%
370KKamden
27%
316TTobias
27%
294RRafael
27%
301EEmerson
26%
373CClark
26%
78EEaston
26%
135EEverett
26%
197MMaximus
26%
252SSpencer
26%
458MMatias
26%
98RRyder
26%
493AAhmed
26%
494SSaul
26%
403RRussell
26%
235JJudah
26%
269FFernando
25%
122BBraxton
25%
304EEmilio
25%
239DDawson
25%
332JJett
24%
376SSolomon
24%
65HHudson
24%
452BBrycen
24%
454CColby
24%
244RRiver
24%
250CChance
24%
396JJensen
24%
133BBryson
24%
319MMarshall
24%
186TTucker
23%
378RRory
23%
203BBeau
23%
224TTanner
23%
94SSawyer
23%
377RRomeo
23%
389LLeonel
23%
357DDakota
23%
322DDante
23%
420MMalcolm
23%
227ZZion
22%
162MMalachi
22%
282DDonovan
22%
356FFabian
22%
341WWalker
22%
129SSilas
22%
248CClayton
22%
267CCash
22%
289AArcher
22%
382KKash
22%
442RRaul
22%
350AAtticus
22%
467AAugustus
22%
371RRuben
22%
489MMalakai
22%
428EEnrique
21%
324CCruz
21%
435IIbrahim
21%
492RRyland
21%
241RRylan
21%
130GGiovanni
21%
470BBenson
21%
142KKingston
21%
351DDesmond
21%
372ZZaiden
21%
327DDalton
21%
146MMaddox
21%
193ZZayden
21%
242GGage
20%
386GGunnar
20%
220GGael
20%
339TTrenton
20%
397EEsteban
20%
472CCyrus
20%
368OOrion
20%
230PPaxton
20%
287KKyler
20%
238GGunner
20%
445OOdin
19%
449BBrock
19%
127SSantiago
19%
303HHector
19%
486RRonin
19%
188AAmir
19%
313BBarrett
19%
335RRonan
19%
348KKillian
19%
375PPorter
19%
218BBeckett
19%
401IIsmael
19%
307PPhoenix
19%
361SSkyler
19%
330EEnzo
18%
461CCason
18%
149RRyker
18%
469KKasen
18%
359BBeckham
18%
390KKason
18%
280CCesar
18%
328GGideon
18%
436KKayson
18%
362NNehemiah
18%
221CCorbin
18%
344NNash
18%
272KKeegan
18%
345JJaylen
18%
478NNikolai
18%
453DDeacon
18%
446BBrennan
18%
184MMaverick
18%
331SSergio
17%
231EEmiliano
17%
302MMaximiliano
17%
121BBrantley
17%
277RReid
17%
329RReed
17%
286AAdriel
17%
232BBrooks
17%
296LLane
17%
431PPrinceton
17%
438LLawson
17%
413AArmando
17%
281TTitus
16%
291HHolden
16%
380DDaxton
16%
499BBodhi
16%
421TTate
16%
271JJosue
16%
463RRocco
16%
409JJaxton
16%
321JJoaquin
16%
216LLorenzo
16%
405FFinnegan
15%
336CCohen
15%
222WWaylon
15%
265AAmari
15%
236GGriffin
15%
487KKian
15%
488LLennox
15%
460RRodrigo
15%
366KKendrick
15%
299RRemington
14%
353GGrady
14%
490AAtlas
14%
274RRhett
14%
466PPierce
14%
398KKellan
14%
391BBraylon
14%
412BBraylen
14%
379MMalik
14%
465RRoyal
13%
334KKyrie
13%
258KKnox
13%
424MMilan
13%
381LLeland
12%
459SSullivan
12%
481KKeaton
12%
243MMessiah
12%
333TThiago
12%
190IIker
12%
468RRaiden
11%
495SSterling
11%
392LLegend
11%
444HHendrix
11%
360MMajor
11%
475KKhalil
11%
473RRaylan
10%
417GGerardo
10%

Score Distribution

Percentile by Number Answered

Percent of People with Each Score

Your Score History

You have not taken this quiz